Algorithms on strings, trees, and sequences (Record no. 2589)

000 -LEADER
fixed length control field 00728nam a2200229 a 4500
001 - CONTROL NUMBER
control field 2589
003 - CONTROL NUMBER IDENTIFIER
control field BD-DhUET
008 - FIXED-LENGTH DATA ELEMENTS--GENERAL INFORMATION
fixed length control field 960927s1997 enka b 001 0 eng
020 ## - INTERNATIONAL STANDARD BOOK NUMBER
International Standard Book Number 0521585198
040 ## - CATALOGING SOURCE
Original cataloging agency DLC
Transcribing agency DLC
Modifying agency BD-DhUET
082 00 - DEWEY DECIMAL CLASSIFICATION NUMBER
Classification number 005.1
Item number GUS/1997
100 1# - MAIN ENTRY--PERSONAL NAME
Personal name Gusfield, Dan.
245 10 - TITLE STATEMENT
Title Algorithms on strings, trees, and sequences
Remainder of title computer science and computational biology
250 ## - EDITION STATEMENT
Edition statement Ist ed.
260 ## - PUBLICATION, DISTRIBUTION, ETC. (IMPRINT)
Place of publication, distribution, etc. New York
Name of publisher, distributor, etc. Cambridge University Press
Date of publication, distribution, etc. 1997
300 ## - PHYSICAL DESCRIPTION
Extent xviii, 534 p.
504 ## - BIBLIOGRAPHY, ETC. NOTE
Bibliography, etc Includes bibliographies
650 #0 - SUBJECT ADDED ENTRY--TOPICAL TERM
Topical term or geographic name as entry element Computer algorithms
856 41 - ELECTRONIC LOCATION AND ACCESS
Uniform Resource Identifier http://www.loc.gov/catdir/toc/cam023/96046612.html
856 42 - ELECTRONIC LOCATION AND ACCESS
Uniform Resource Identifier http://www.loc.gov/catdir/description/cam028/96046612.html
942 ## - ADDED ENTRY ELEMENTS (KOHA)
Koha item type General Book
Holdings
Koha normalized classification for sorting Copy number Koha full call number Koha date last seen Sublocation or collection (holding branch) Lost status Piece designation (barcode) Date acquired Withdrawn status Shelving location Damaged status Not for loan Source of classification or shelving scheme Koha item type Location (home branch) Price effective from
005_000000000000000_1GUS19971005.1/GUS/19972014-09-27Central Library, BUET 976692014-09-27 Circulation section   General BookCentral Library, BUET2014-09-27
005_100000000000000_GUS_19972005.1/GUS/19972015-08-19Central Library, BUET 976702015-08-19 Circulation section   General BookCentral Library, BUET2015-08-19
005_100000000000000_GUS_19973005.1/GUS/19972017-03-28Central Library, BUET 976732003-06-02 Circulation section   General BookCentral Library, BUET2017-03-28